El pensamiento moderno. Filosofía del Renacimiento
Sparad:
| Huvudupphovsman: | |
|---|---|
| Materialtyp: | Bok |
| Språk: | spanska |
| Publicerad: |
Ciudad de México, México:
Fondo de Cultura Económica,
2010.
|
| Upplaga: | Segunda edición ( Centzontle). |
| Serie: | Centzontle.
|
| Ämnen: | |
| Taggar: |
Lägg till en tagg
Inga taggar, Lägg till första taggen!
|
MARC
| LEADER | 00000cam a2200000 a 4500 | ||
|---|---|---|---|
| 001 | UCG5947 | ||
| 003 | CL-VaPUC | ||
| 005 | 20230728150312.0 | ||
| 008 | 110324e20100700MX |||||||||||||||||spa|d | ||
| 999 | |c 344271 |d 344269 | ||
| 020 | |a 9786071602800 | ||
| 040 | |c Pontificia Universidad Católica de Valparaíso | ||
| 082 | 0 | 4 | |a 190 VIL 2010 |2 21 |
| 100 | 0 | |a Villoro, Luis |e autor |9 555884 | |
| 245 | 1 | 3 | |a El pensamiento moderno. Filosofía del Renacimiento |
| 250 | |a Segunda edición ( Centzontle). | ||
| 260 | |a Ciudad de México, México: |b Fondo de Cultura Económica, |c 2010. | ||
| 300 | |a 171 páginas. | ||
| 490 | 0 | |a Centzontle. | |
| 583 | |a last modification |c 20150903 11:51:53 |k Rodrigo Vera | ||
| 650 | 0 | |a Filosofía renacentista |9 268121 | |
| 650 | 7 | |a PENSAMIENTO MODERNO |2 CL-VaPUC |9 555885 | |
| 650 | 0 | |a Modernidad |9 265371 | |
| 650 | 7 | |a HOMBRE Y CULTURA |2 CL-VaPUC |9 555886 | |
| 942 | |c BK |2 ddc | ||
| 945 | |d 20110324 00:00:00 |a jcampos | ||
| 952 | |0 0 |1 0 |4 0 |6 190_000000000000000_VIL_2010 |7 0 |8 A |9 442159 |a FDOPOS |b FDOPOS |d 2019-11-22 |i 475980K |o 190 VIL 2010 |p 475980K |r 2025-01-22 |w 2019-11-22 |y BK |k DLH | ||
| 952 | |0 0 |1 0 |3 erb |4 0 |6 190_000000000000000_VIL_2010 |7 0 |8 A |9 442160 |a BIBEDU |b BIBEDU |i 5197066 |l 3 |m 2 |o 190 VIL 2010 |p 5197066 |r 2022-05-16 |s 2022-05-16 |w 2019-11-22 |y BK |z Catalogado en:20150904 |k FIL | ||
| 952 | |0 0 |1 0 |3 erb |4 0 |6 190_000000000000000_VIL_2010 |7 0 |8 A |9 442161 |a BIBEDU |b BIBEDU |i 5197058 |l 1 |o 190 VIL 2010 |p 5197058 |r 2022-05-10 |s 2022-05-05 |w 2019-11-22 |y BK |z Catalogado en:20150904 |k FIL | ||
| 952 | |0 0 |1 0 |2 ddc |4 0 |6 190_000000000000000_VIL_2010 |7 0 |8 A |9 591010 |a BIBEDU |b BIBEDU |c GEN |d 2023-07-28 |e 3 |g 8409.50 |i 5658200 |o 190 VIL 2010 |p 5658200 |r 2023-07-28 |t 4 |v 8409.50 |w 2023-07-28 |y BK |k LIT | ||
| 952 | |0 0 |1 0 |2 ddc |4 0 |6 190_000000000000000_VIL_2010 |7 0 |8 A |9 591011 |a BIBEDU |b BIBEDU |c GEN |d 2023-07-28 |e 3 |g 8409.50 |i 5658201 |o 190 VIL 2010 |p 5658201 |r 2023-07-28 |t 5 |v 8409.50 |w 2023-07-28 |y BK |k LIT | ||